<?xml version="1.0" encoding="UTF-8"?><?xml-stylesheet type="text/xsl" href="static/style.xsl"?><OAI-PMH xmlns="http://www.openarchives.org/OAI/2.0/" xmlns:xsi="http://www.w3.org/2001/XMLSchema-instance" xsi:schemaLocation="http://www.openarchives.org/OAI/2.0/ http://www.openarchives.org/OAI/2.0/OAI-PMH.xsd"><responseDate>2026-04-17T05:46:06Z</responseDate><request verb="GetRecord" identifier="oai:www.recercat.cat:10459.1/59101" metadataPrefix="marc">https://recercat.cat/oai/request</request><GetRecord><record><header><identifier>oai:recercat.cat:10459.1/59101</identifier><datestamp>2024-12-05T21:40:47Z</datestamp><setSpec>com_2072_3622</setSpec><setSpec>col_2072_479130</setSpec></header><metadata><record xmlns="http://www.loc.gov/MARC21/slim" xmlns:dcterms="http://purl.org/dc/terms/" xmlns:xsi="http://www.w3.org/2001/XMLSchema-instance" xmlns:doc="http://www.lyncode.com/xoai" xsi:schemaLocation="http://www.loc.gov/MARC21/slim http://www.loc.gov/standards/marcxml/schema/MARC21slim.xsd">
   <leader>00925njm 22002777a 4500</leader>
   <datafield ind2=" " ind1=" " tag="042">
      <subfield code="a">dc</subfield>
   </datafield>
   <datafield ind2=" " ind1=" " tag="720">
      <subfield code="a">Capdevila i Capdevila, Joaquim</subfield>
      <subfield code="e">author</subfield>
   </datafield>
   <datafield ind2=" " ind1=" " tag="260">
      <subfield code="c">2017-01-24T18:53:15Z</subfield>
   </datafield>
   <datafield ind2=" " ind1=" " tag="260">
      <subfield code="c">2017-01-24T18:53:15Z</subfield>
   </datafield>
   <datafield ind2=" " ind1=" " tag="260">
      <subfield code="c">2008</subfield>
   </datafield>
   <datafield ind2=" " ind1=" " tag="520">
      <subfield code="a">Este artículo pretende hacer una aproximación a las raíces sociales, mentales y culturales del anticlericalismo popular&#xd;
en Catalunya desde los últimos años del siglo XIX hasta los años de la Segunda República. Para ilustrar este&#xd;
fenómeno, proponemos diversos ejemplos concernientes a las comarcas de Lleida. En lo que se refiere a las motivaciones&#xd;
de este anticlericalismo, destacamos dos grandes factores: por un lado, el cometido plural de legitimación&#xd;
que ajerce la Iglesia para con los sectores pudientes de la sociedad; y por otro lado, las poderosas sugestiones de&#xd;
cerrazón institucional y de negación de los disfrutes materiales, que, en términos simbólicos, transmiten la Iglesia&#xd;
y sus ministros, como resultado del rearmamiento litúrgico y apostólico en general que la Iglesia impulsa durante&#xd;
este periodo, y como consecuencia de los discursos morales asociados al nuevo marco devotivo que ésta fomenta,&#xd;
del cual sobresalen los cultos al Sagrado Corazón de Jesús (Cristo Rey) y a la Inmaculada Concepción (María). Por&#xd;
otra parte, el artículo incide también en las celebraciones anticlericales, especialmente en aquellas protagonizadas&#xd;
por el republicanismo popular, destacando de las mismas la voluntad de competencia directa con respecto a los&#xd;
ritos católicos.</subfield>
   </datafield>
   <datafield ind1="8" ind2=" " tag="024">
      <subfield code="a">http://hdl.handle.net/10459.1/59101</subfield>
   </datafield>
   <datafield tag="653" ind2=" " ind1=" ">
      <subfield code="a">Anticlericalisme</subfield>
   </datafield>
   <datafield tag="653" ind2=" " ind1=" ">
      <subfield code="a">Republicanisme</subfield>
   </datafield>
   <datafield tag="653" ind2=" " ind1=" ">
      <subfield code="a">Laïcisme</subfield>
   </datafield>
   <datafield tag="653" ind2=" " ind1=" ">
      <subfield code="a">Catalunya</subfield>
   </datafield>
   <datafield tag="653" ind2=" " ind1=" ">
      <subfield code="a">Monarquia</subfield>
   </datafield>
   <datafield ind2="0" ind1="0" tag="245">
      <subfield code="a">Anticlericalisme popular durant les dècades del canvi de segles XIX i XX. Una aproximació a les arrels socials, mentals i culturals del fenonem (aportació d'exemples de la Catalunya occidental)</subfield>
   </datafield>
</record></metadata></record></GetRecord></OAI-PMH>